Statistics for SpellForce games

Click here to take the quiz!

General Stats

  • This quiz has been taken 8 times
  • The average score is 6 of 8

Answer Stats

Year of ReleaseAnswer% Correct
2012SpellForce 2: Faith in Destiny
88%
2006SpellForce 2: Shadow Wars
88%
2017SpellForce 3
88%
2004SpellForce: Shadow of the Phoenix
75%
2003SpellForce: The Order of Dawn
75%
2014SpellForce 2: Demons of the Past
63%
2007SpellForce 2: Dragon Storm
63%
2004SpellForce: The Breath of Winter
63%

Score Distribution

Percentile by Number Answered

Percent of People with Each Score

Your Score History

You have not taken this quiz